Responses for Show #1754 - Thursday, March 26, 1992

Robert Slaven game 3.

Contestants

[<< previous game]

Jean Hernon, an attorney originally from New Hartford, New York

Dave Janka, a photographer from Moorestown, New Jersey

Robert Slaven, an office automation specialist from Yellowknife, Northwest Territories (whose 2-day cash winnings total $25,700)

[next game >>]

Jeopardy! Round responses

HISTORIC QUOTES
APPROXIMATE WEIGHTS & MEASURES
POP MUSIC
VOCABULARY
ZOOLOGY
"Mc"PEOPLE
    $100 8
Russia

Jean
    $100 6
circa

Robert
    $100 1
Bob Dylan

Robert
    $100 10
tiddly

Dave
    $100 15
wildebeest

Dave
    $100 22
Ed McMahon

Robert
    $200 9
"Go west, young man"

Dave
    $200 7
dollop

Jean
    $200 2
"Charlie Brown"

Robert
    $200 11
Carolinian

Robert
    $200 16
giraffe

Dave
    $200 23
(Dave: Who was Eugene McCarthy?)

George McGovern

Dave
Triple Stumper
    $300 27
(Robert: Who was Wilson?)
(Jean: Who was Roosevelt?)
(Alex: Which one?)

Theodore Roosevelt

RobertJean
    $300 20
stretch

Triple Stumper
    $300 3
Graham Nash

Jean
    $300 12
hose

Dave
    $300 17
Siamese fighting fish

Dave
    $300 24
Cyrus McCormick

Jean
    $400 28
Thomas Dewey

Dave
    $400 21
(Dave: What is an epaulet?)

patch

Dave
Triple Stumper
    $400 4
"Queen of Hearts"

Robert
    $400 13
talent

Robert
    $400 18
fer-de-lance

Robert
    $400 25
(Alex: Minute to go.)

Jim McKay

Dave
    $500 29
the Constitution

Jean
    $500 30
several

Triple Stumper
    $500 5
"Sukiyaki"

Triple Stumper
    $500 14
passion

Dave
    $800 19
(Robert: What is a peccary?)

tapir

Robert
    $500 26
Robert McFarlane

Robert

Scores at the first commercial break (after clue 16):

Robert Dave Jean
$1,400 $1,400 $600

Scores at the end of the Jeopardy! Round:

Robert Dave Jean
$1,300 $1,900 $1,700

Double Jeopardy! Round responses

POETS & POETRY
U.S. CITIES
THE ELEMENTS
NEWSPAPERS
DATES IN HISTORY
NAME THE PLAY
    $200 6
beauty

Jean
    $200 16
Salem, Massachusetts

Dave
    $200 1
(Jean: What is plutonium?)

mercury

RobertJean
    $200 24
The Christian Science Monitor

Robert
    $200 11
the Bastille

Robert
    $200 21
Death of a Salesman

Dave
    $400 7
poet laureate

Dave
    $400 17
Texarkana

Robert
    $400 2
calcium

Robert
    $400 25
Herb Block

Triple Stumper
    $400 12
the Alamo

Robert
    $400 22
(Robert: What is A Streetcar Named Desire?)
...
(Alex: Robert has second thoughts now; he wished he had said "What is [*]?" That would have been the correct response.)

Grease

Robert
Triple Stumper
    $600 8
James Whitcomb Riley

Triple Stumper
    $600 18
New Haven

Robert
    $600 3
lithium

Dave
    $600 26
Zurich

Robert
    $600 13
Benjamin Franklin

Robert
    $600 23
(Alex: Think you're all too young. What is [*]?)

Born Yesterday

Triple Stumper
    $800 9
kissed me

Triple Stumper
    $800 19
Portsmouth

Jean
    $1,000 4
(Dave: What is zinc?)

copper

Dave
    $800 27
(Dave: What is Nicaragua?)
(Alex: We have less than a minute.)

Cuba

RobertDave
    $800 14
John Jay

Jean
    $800 29
(Alex: Shall we try it for $1,000?)
(Robert: Sure.)
(Alex: Let's take a look.)

The Man Who Came to Dinner

Triple Stumper
    $1000 10
General William Booth

Jean
    $800 20
(Jean: What is Cascade?)

Tacoma

Jean
    $1000 5
(Jean: What is plutonium?)
...
(Alex: Correct response--what is [*]? But Jean, we applaud your efforts to introduce plutonium into our ELEMENTS category.)
(Jean: Thank you.)
[Laughter]

lead

Jean
Triple Stumper
    $1000 28
(Alex: Los Angeles Times, closely associated with the [*] family.)

Chandler

Triple Stumper
    $1000 15
John Rolfe

Triple Stumper
    $1000 30
Our Town

Jean

Scores at the end of the Double Jeopardy! Round:

Robert Dave Jean
$5,300 $1,500 $3,500

[wagering suggestions for these scores]

Final Jeopardy! Round responses

WORLD BUSINESS
DaveWhat is Lowenbrau?
$1,500
JeanWhat is Heineken?
$3,000
RobertWhat is Lowenbrau?
$1,701
Lowenbrau

Final scores:

Robert Dave Jean
$7,001 $3,000 $500
3-day champion: $32,701 2nd place: His & hers clothing from the Greif Companies & Mastercraft maple wardrobe 3rd place: Service Merchandise gift certificate

Game dynamics:

Coryat scores:

Robert Dave Jean
$6,100 $2,500 $4,300
19 R,
3 W
(including 1 DD)
13 R,
4 W
(including 1 DD)
11 R,
3 W
(including 1 DD)

Combined Coryat: $12,900

[game clues] [game scores] [suggest correction]

Game tape date: 1991-12-09
The J! Archive is created by fans, for fans. Scraping, republication, monetization, and malicious use prohibited; this site may use cookies and collect identifying information. See terms. The Jeopardy! game show and all elements thereof, including but not limited to copyright and trademark thereto, are the property of Jeopardy Productions, Inc. and are protected under law. This website is not affiliated with, sponsored by, or operated by Jeopardy Productions, Inc. Join the discussion at JBoard.tv.